[Event "1st Grandiscacchi Cattolica 2022"]
[Site "Cattolica"]
[Date "2022.03.03"]
[Round "2.8"]
[White "Willow, Jonah B"]
[Black "Van Foreest, Lucas"]
[Result "0-1"]
[WhiteElo "2365"]
[BlackElo "2563"]
[Annotator "TA"]
[PlyCount "78"]
[EventDate "2022.03.03"]
[EventType "swiss"]
[EventCountry "ITA"]
[SourceTitle "playchess.com"]
[Source "ChessBase"]
[SourceQuality "1"]

{[%evp 14,78,21,21,19,13,16,10,22,11,19,12,7,8,22,-5,-10,-19,-13,-21,-6,-12,-12,-10,0,-10,-11,-18,-12,-5,48,0,6,0,0,0,-8,-11,-9,-9,-8,-8,0,0,0,-21,-22,-27,0,0,0,0,0,0,0,0,0,0,0,0,0,-29991,-581,-1420,-1362,-1362,-1286]} 1. e4 e5 2. Nf3 d6 3. d4 exd4 4. Nxd4 Nf6 5. Nc3 Be7 6. Be2 O-O 7. O-O Re8 8. Re1 Bf8 {C41: Philidor Defence.} 9. Bf1 Nbd7 {[%cal Bb8d7,Bd7e5,Be5g6][%mdl 32]} 10. Bg5 h6 {The position is equal.} 11. Bh4 Ne5 $5 {[%mdl 4] [#] A promising side line.} 12. f4 $146 ({Predecessor:} 12. h3 Ng6 13. Bg3 c6 14. a4 a5 15. Bc4 Qb6 16. Bb3 Bd7 17. Qd2 Rad8 18. Rad1 {½-½ (52) Savic,M (2503)-Popovic,D (2447) Bosnjaci 2005}) 12... Ng6 13. Bxf6 Qxf6 14. Nd5 {[%csl LRc7,LRf6]} Qd8 15. g3 c6 16. Nc3 Bd7 17. a4 a5 18. Kh1 Qb6 19. Qd2 Rad8 (19... Qxb2 $2 20. Reb1 Qb4 21. Rxb4 $18) 20. Bg2 Bc8 (20... Qxb2 $2 21. Reb1 Qb4 22. Rxb4 $18) 21. Nb3 Qb4 (21... Ne7 $11) 22. Na2 (22. Qf2 $1 $14) 22... Qxa4 23. Qf2 {Black must now prevent Nc3.} f5 {[%cal Rf5e4]} 24. Nc3 {[%csl LRa4,LRa5]} Qc4 25. Nxa5 Qf7 26. exf5 Bxf5 27. Qb6 Rxe1+ 28. Rxe1 Rd7 29. b4 {[%cal Bb2b4,Bb4b5,Bb5c6,Bc6b7][%mdl 32]} Re7 30. Qf2 Rxe1+ 31. Qxe1 d5 32. b5 Qc7 ({Resist} 32... Bxc2 33. bxc6 bxc6 34. Nxc6 $16) 33. bxc6 Qxa5 (33... bxc6 $2 34. Nxc6 $1 {[%mdl 512]} Bxc2 35. Bxd5+ Kh7 36. Qe6 $18) 34. cxb7 Bd6 {Strongly threatening ...Ne7.} 35. Qe8+ Kh7 {( -> ...Qa1+)} 36. Bxd5 {[%csl Gd5][%cal Re8g8]} h5 $40 {[%mdl 128] And now ...Qa1+ would win. Black mounts an attack. Dancing on a razor blade.} 37. Be4 $2 {[%mdl 8192]} Bxe4+ (37... Qxc3 $142 38. Bd3 {[#]} Bc5 $1 39. Qh8+ Nxh8 40. Bxf5+ Kh6 41. Bd3 Qe1+ 42. Kg2 Bg1 43. Kf3 Qe3+ 44. Kg2 Qf2+ 45. Kh3 Qxh2#) 38. Nxe4 Qe1+ 39. Kg2 Qe2+ {Weighted Error Value: White=0.43/Black=0.23 (precise)} 0-1

[Event "1st Grandiscacchi Cattolica 2022"]
[Site "Cattolica"]
[Date "2022.03.03"]
[Round "2.9"]
[White "Lodici, Lorenzo"]
[Black "Kulon, Klaudia"]
[Result "1-0"]
[WhiteElo "2537"]
[BlackElo "2319"]
[Annotator "TA"]
[PlyCount "59"]
[EventDate "2022.03.03"]
[EventType "swiss"]
[EventCountry "ITA"]
[SourceTitle "playchess.com"]
[Source "ChessBase"]
[SourceQuality "1"]

{[%evp 9,59,0,29,19,14,0,0,8,26,0,10,0,8,-6,91,73,73,65,119,133,163,153,229,212,260,227,315,309,312,294,302,309,358,362,352,340,495,394,527,498,559,516,497,523,517,520,607,592,791,793,936,850]} 1. d4 Nf6 2. c4 e5 3. dxe5 Ng4 4. e3 Nxe5 5. Nh3 d5 6. cxd5 {A52: Budapest Gambit.} Bxh3 7. gxh3 Bd6 8. Nc3 {The position is equal.} O-O 9. Rg1 (9. f4 $5 {[%cal Rf4e5]} Ng6 10. Qf3 $14) 9... Nbd7 10. f4 Ng6 {[#] Pair of Knights!} (10... Qh4+ 11. Rg3 $14) 11. Qf3 $146 ({Predecessor:} 11. Bd2 Qh4+ 12. Rg3 Rfe8 13. Kf2 Nf6 14. Be2 Rad8 15. Kg2 Bb4 16. Bc4 Bxc3 17. Bxc3 {0-1 (26) Nuristani,I (2058)-Volkov,S (2294) Sochi 2017}) 11... f5 (11... Qe7 $11) 12. Bd2 $16 a6 13. O-O-O b5 {White now steadily converts the win.} (13... Nc5 $14) 14. Bd3 $1 Nc5 15. Bc2 Qe8 (15... Qe7 $16 {might work better.} 16. Kb1 Rae8) 16. h4 $18 Nxh4 17. Qh3 ({Don't play} 17. Qg3 $6 Ng6 $16) 17... Ng6 18. Bxf5 b4 {[#]} 19. Ne2 Rxf5 20. Qxf5 Qa4 {[#]} 21. Kb1 $1 Rf8 22. Qg4 {Strongly threatening f5.} ({Resist} 22. b3 Rxf5 23. bxa4 a5 $18) 22... Nd3 (22... b3 {is a better defense.} 23. a3 Qe4+ 24. Ka1 Qxd5) 23. b3 Qa5 24. Qg2 {White is clearly winning.} Be7 25. Bc1 Nxc1 26. Rxc1 ({Not} 26. Kxc1 Qc5+ 27. Kd2 Qa5 $18) 26... Qb5 27. Rc4 Bf6 28. e4 {[%cal Be3e4,Be4e5][%mdl 32]} a5 29. e5 Bd8 30. Nd4 {Weighted Error Value: White=0.09 (flawless) /Black=0.43} 1-0

[Event "1st Grandiscacchi Cattolica 2022"]
[Site "Cattolica"]
[Date "2022.03.03"]
[Round "2.10"]
[White "Formento, Paolo"]
[Black "Nesterov, Arseniy"]
[Result "1/2-1/2"]
[WhiteElo "2359"]
[BlackElo "2522"]
[Annotator "TA"]
[PlyCount "45"]
[EventDate "2022.03.03"]
[EventType "swiss"]
[EventCountry "ITA"]
[SourceTitle "playchess.com"]
[Source "ChessBase"]
[SourceQuality "1"]

{[%evp 15,45,17,10,19,0,3,20,18,22,0,0,-5,0,0,0,-4,-6,-10,-5,-9,-5,-8,-3,-10,-14,-12,-8,-12,-4,-10,-2,-11]} 1. d4 d5 2. c4 e6 3. Nc3 Nf6 4. cxd5 exd5 5. Bg5 Be7 6. e3 O-O 7. Bd3 h6 8. Bf4 c5 {The position is equal. is now debated instead of 8...c6.} 9. dxc5 {D35: Queen's Gambit Declined: Exchange Variation.} Bxc5 10. Nge2 Nc6 11. O-O d4 12. exd4 (12. Na4 $5 {[%cal Ra4c5]} Bd6 13. Bb5 $11) 12... Nxd4 13. Nxd4 Qxd4 14. Be3 Qe5 {[#] White must now prevent ...Ng4.} 15. Bxc5 Qxc5 {[#]} 16. Ne4 $146 ({Predecessor:} 16. Rc1 Qb6 17. Na4 Qa5 18. Nc5 Qxa2 19. b3 Bg4 20. f3 Bc8 21. Re1 b6 22. Ne4 {0-1 (45) Schubert,V (1881)-Khan,V (2164) LSS email 2013}) 16... Nxe4 17. Bxe4 Be6 18. Qf3 Rab8 19. Rac1 Qe5 20. b3 b6 21. Rfd1 Rbd8 22. Qe2 Qg5 23. Bf3 {An even fight not without its subleties.  Weighted Error Value: White=0.05 (flawless) /Black=0.03 (flawless)} 1/2-1/2

[Event "1st Grandiscacchi Cattolica 2022"]
[Site "Cattolica"]
[Date "2022.03.03"]
[Round "3.1"]
[White "Moroni, Luca Jr"]
[Black "Narayanan.S.L"]
[Result "1/2-1/2"]
[WhiteElo "2588"]
[BlackElo "2658"]
[Annotator "TA"]
[PlyCount "64"]
[EventDate "2022.03.03"]
[EventType "swiss"]
[EventCountry "ITA"]
[SourceTitle "playchess.com"]
[Source "ChessBase"]
[SourceQuality "1"]

{[%evp 9,64,18,43,33,38,39,44,36,51,39,32,27,33,39,48,12,18,0,0,0,16,20,27,10,14,0,8,1,9,0,0,0,0,0,11,12,12,16,17,2,1,0,0,3,5,0,8,0,15,0,7,0,0,0,0,0,0]} 1. c4 {ChessBase II} e5 2. Nc3 Bb4 3. Qb3 Be7 4. Nf3 {[#]} d6 $146 ({Predecessor:} 4... Nc6 5. e3 Nf6 6. Be2 O-O 7. O-O Re8 8. d3 Bf8 9. a3 d6 10. Qc2 a5 11. b3 {½-½ (45) Danailov,S (2425)-Chekhov,V (2495) Moscow 1986 EXT 2002 [ChessBase II]}) 5. e3 Nf6 6. d4 {A21: English Opening: 1...e5 2 Nc3.} Nbd7 7. Be2 O-O 8. O-O {White is slightly better.} c6 9. h3 Re8 10. Qc2 a5 11. Rd1 {[%cal Of3e5]} Bf8 12. Ng5 Qe7 13. dxe5 dxe5 14. Nge4 Rd8 15. b3 Nxe4 16. Nxe4 Nf6 {The position is equal.} 17. Nxf6+ Qxf6 18. Rxd8 Qxd8 19. Bb2 Qg5 20. Kf1 Bf5 21. Qc3 Bd6 22. Rd1 Bc7 23. c5 h5 24. Bd3 Rd8 25. Rd2 Rd5 26. Bc4 Rxd2 27. Qxd2 Qe7 28. Qc3 h4 29. a3 Qd8 30. Ke2 {Inhibits Qd1+.} Qg5 31. Kf1 Kf8 32. Qd2 Qe7 {Weighted Error Value: White=0.06 (flawless) /Black=0.04 (flawless)} 1/2-1/2

[Event "1st Grandiscacchi Cattolica 2022"]
[Site "Cattolica"]
[Date "2022.03.03"]
[Round "3.2"]
[White "Nisipeanu, Liviu-Dieter"]
[Black "Lodici, Lorenzo"]
[Result "1/2-1/2"]
[WhiteElo "2652"]
[BlackElo "2537"]
[Annotator "TA"]
[PlyCount "33"]
[EventDate "2022.03.03"]
[EventType "swiss"]
[EventCountry "ITA"]
[SourceTitle "playchess.com"]
[Source "ChessBase"]
[SourceQuality "1"]

{[%evp 11,33,-9,9,-8,-6,-11,0,0,0,0,0,-2,0,0,0,-14,0,-18,0,-40,-35,-31,-24,-51]} 1. d4 Nf6 2. c4 e6 3. Nc3 Bb4 4. e3 O-O 5. Bd3 d5 6. cxd5 exd5 7. a3 {E48: Nimzo-Indian: Rubinstein: 5 Bd3 d5 including 6 Ne2, but excluding 6 a3.} Bd6 8. Qc2 a6 9. Nge2 {The position is equal.} Re8 10. O-O $1 {[%mdl 4] 10.0-0 is a critical line.} Nbd7 {[%cal Bb8d7,Bd7f8,Bf8e6][%mdl 32] [#]} 11. b4 $146 {[%cal Bb2b4,Bb4b5][%mdl 32]} ({Predecessor:} 11. Nf4 c6 12. f3 Bxf4 13. exf4 c5 14. Qf2 cxd4 15. Qxd4 Qb6 16. Ne2 Qxd4+ 17. Nxd4 {1-0 (43) Predke,A (2682)-Sadzikowski,D (2525) Warsaw 2021}) 11... b6 12. b5 Nf8 {[%cal Od6h2]} 13. f3 Ne6 14. Kh1 Bf8 15. Bb2 axb5 $1 16. Bxb5 Bd7 {Prevents Bc6.} 17. a4 {Weighted Error Value: White=0.09 (flawless) /Black=0.03 (flawless)} 1/2-1/2

[Event "1st Grandiscacchi Cattolica 2022"]
[Site "Cattolica"]
[Date "2022.03.03"]
[Round "3.3"]
[White "Van Foreest, Lucas"]
[Black "Praggnanandhaa R"]
[Result "0-1"]
[WhiteElo "2563"]
[BlackElo "2612"]
[Annotator "TA"]
[PlyCount "108"]
[EventDate "2022.03.03"]
[EventType "swiss"]
[EventCountry "ITA"]
[SourceTitle "playchess.com"]
[Source "ChessBase"]
[SourceQuality "1"]

{[%evp 11,108,20,28,9,38,31,56,48,55,54,42,39,35,48,41,46,40,43,36,27,37,20,60,16,23,36,107,50,53,30,32,25,73,68,63,66,69,35,37,22,33,9,37,-19,27,0,-7,-124,-124,-130,-138,-175,-172,-183,-175,-173,-183,-180,-188,-188,-188,-191,-191,-206,-206,-206,-199,-199,-199,-348,-286,-466,-466,-554,-536,-554,-551,-565,-537,-574,-526,-566,-566,-559,-552,-510,-543,-512,-433,-545,-545,-601,-597,-1404,-545,-541,-477,-436,-425]} 1. d4 Nf6 2. c4 e6 3. Nf3 d5 4. g3 dxc4 5. Bg2 c6 6. Ne5 Bb4+ 7. Bd2 {E04: Open Catalan: 5 Nf3.} Be7 8. e3 b5 9. Nxc6 {White is slightly better.} Nxc6 10. Bxc6+ Bd7 11. Bxa8 Qxa8 12. f3 e5 13. O-O exd4 14. exd4 O-O ({Not} 14... Qd5 15. Bf4 $16) 15. a3 {[#]} a5 $146 ({Predecessor:} 15... Nd5 16. Nc3 Bf6 17. Nxd5 Qxd5 18. Bc3 Bf5 19. Qd2 Bd3 20. Rf2 h5 21. Re1 h4 {½-½ (43) Hoefelsauer,T (2395)-Buhmann,R (2588) Apolda 2017}) 16. Nc3 Qb7 17. Qe2 (17. Re1 $14 {might be stronger.} Bc6 18. Bg5) 17... Re8 {[%cal Oe7a3]} 18. Qf2 Bc6 ({Better is} 18... h6 $14) 19. Rae1 (19. d5 $1 $16 {[%cal Rd5c6]} Bxd5 20. Nxd5 Qxd5 21. Rfe1 (21. Bxa5 $2 Bc5 $19)) 19... b4 20. axb4 (20. Ne4 $5) 20... axb4 {[%cal Ba5b4,Bb4c3,Bc3c2][%mdl 32]} 21. Ne4 Rd8 (21... Nd5 $11 {is superior.}) 22. Nc5 $16 Bxc5 23. dxc5 h6 {Prevents Bg5.} 24. Bf4 c3 25. bxc3 bxc3 26. Rb1 (26. Qe3 $5 {[%cal Re3c3]} Qb4 27. Bd6 $14) 26... Qa6 27. Rfc1 ({White should try} 27. Rfd1 $14 Rxd1+ 28. Rxd1) 27... Nd5 (27... Rd3 $142 $1 28. Rb8+ Kh7) 28. Be5 (28. Qd4 $5 {[%cal Rc1c3]}) 28... Qd3 29. Re1 (29. Rb3 $11 Ne3 30. Rbxc3 Qd1+ 31. Rxd1 Rxd1+ 32. Qe1 $1 Rxe1+ 33. Kf2 Nd1+ 34. Kxe1 Nxc3 35. Bxc3) 29... c2 $17 {Black continues to play with concentration.} 30. Rbc1 {[#]} Nb4 {And now ...Qd5 would win. Black is more active.} 31. Bd6 Bxf3 {aiming for ...Bc6.} 32. Qe3 {[%cal Oc1c2]} Bc6 {Chess con chili.} 33. Qxd3 Nxd3 34. Kf1 Nxc1 35. Rxc1 $19 {[%mdl 4096] Endgame KRB-KRB} Be4 36. Ke2 f5 37. Ke3 Kf7 38. g4 g6 {[%cal Bg7g6,Bg6f5][%mdl 32]} 39. gxf5 gxf5 {Hoping for ...h5.} 40. Kd4 (40. Bf4 $142) 40... Ke6 41. Re1 $2 (41. Kc4) 41... Kd7 {Black is clearly winning.} 42. Rc1 Kc6 43. Kc4 h5 44. Kc3 Rg8 45. Kb2 Rg4 46. Re1 Rg7 {( -> ...Rb7+)} 47. Kc3 Kd5 48. Rc1 Rb7 49. Kd2 Rb3 50. Ke2 Kc6 51. Kd2 Rd3+ 52. Ke2 Rd4 (52... Rd1 $142 53. Bf4 Kxc5) 53. Bf4 Bd3+ 54. Kf3 Kxc5 {Weighted Error Value: White=0.35/Black=0.22 (precise)} 0-1

[Event "1st Grandiscacchi Cattolica 2022"]
[Site "Cattolica"]
[Date "2022.03.03"]
[Round "3.4"]
[White "Azarov, Sergei"]
[Black "Ioannidis, Evgenios"]
[Result "1-0"]
[WhiteElo "2600"]
[BlackElo "2483"]
[Annotator "TA"]
[PlyCount "45"]
[EventDate "2022.03.03"]
[EventType "swiss"]
[EventCountry "ITA"]
[SourceTitle "playchess.com"]
[Source "ChessBase"]
[SourceQuality "1"]

{[%evp 11,45,17,18,18,13,8,14,12,4,2,13,20,20,15,58,37,54,56,139,133,131,141,135,135,441,438,438,393,429,385,717,248,691,723,771,727]} 1. e4 e5 2. Nf3 Nc6 3. Bc4 Nf6 4. d4 exd4 5. e5 Ne4 6. Qe2 Nc5 $1 {[%cal Be4c5,Bc5e6,Be6d4][%mdl 32]} (6... Bb4+ $2 7. Kd1 $16) 7. c3 {C56: Two Knights: 4 d4 exd4 5 0-0 Nxe4.} Ne6 8. cxd4 Ncxd4 9. Nxd4 {The position is equal.} Nxd4 10. Qe4 $1 Ne6 11. O-O Bc5 12. Nc3 {[%cal Bb1c3,Bc3e4,Be4d6][%mdl 32] [#]} c6 $146 (12... O-O $11) ({Predecessor:} 12... Rb8 13. b4 Bxb4 14. Bxe6 Bxc3 15. Bxf7+ Kxf7 16. Qf3+ Kg6 17. Qxc3 b5 18. Qg3+ Kf7 19. Bg5 Qe8 20. e6+ Kg8 21. Bf6 Qg6 22. Qxc7 Ra8 23. Qd8+ {1-0 (23) Rej,T (2334)-Petersen,S (2152) Copenhagen 2010}) 13. Bxe6 $14 fxe6 14. Qf3 {Strongly threatening Ne4.} Qh4 {[#]} (14... Qc7 $14) 15. Ne4 $1 $16 Be7 {[#] To avoid Bg5} 16. Bg5 $1 {[%mdl 576] Deflection. White is much more active. Black has bad knights.} Bxg5 17. Nd6+ Ke7 $2 {[%mdl 8192] Black cannot hold the game after this.} (17... Kd8 $16) 18. Qf7+ $18 Kd8 {Threatens to win with ...Be7.} 19. Qxg7 {Hoping for g3.} Re8 20. Nxe8 Kxe8 (20... Bf4 21. g3 Qg5 22. Qxg5+ Bxg5) 21. Qg8+ Ke7 22. f4 Bxf4 {[#]} 23. Rxf4 $1 {[%mdl 512] Weighted Error Value: White=0.00 (flawless) /Black=0.44} 1-0

[Event "1st Grandiscacchi Cattolica 2022"]
[Site "Cattolica"]
[Date "2022.03.03"]
[Round "3.5"]
[White "Assaubayeva, Bibisara"]
[Black "Basso, Pier Luigi"]
[Result "1/2-1/2"]
[WhiteElo "2434"]
[BlackElo "2600"]
[Annotator "TA"]
[PlyCount "76"]
[EventDate "2022.03.03"]
[EventType "swiss"]
[EventCountry "ITA"]
[SourceTitle "playchess.com"]
[Source "ChessBase"]
[SourceQuality "1"]

{[%evp 9,76,42,43,38,35,35,43,30,40,36,36,1,12,19,52,50,43,36,24,-31,-34,-41,-47,-35,-32,-79,-57,-95,-37,-36,-43,-37,-50,-35,-40,-52,-50,-48,-54,-46,-33,-73,0,-42,0,-58,-50,-51,-55,-52,-52,-110,0,0,0,0,0,0,0,0,0,0,0,0,0,0,0,0,0]} 1. d4 d5 2. c4 e6 3. Nc3 h6 4. Nf3 Nf6 5. g3 Bd6 6. Bg2 {D37: Queen's Gambit Declined: 5 Bf4.} O-O 7. O-O Nc6 8. b3 {[%cal Bb2b3,Bb3c4,Bc4c5][%mdl 32] White is slightly better.} dxc4 9. bxc4 e5 10. e3 Re8 11. Rb1 {[#]} a6 $146 ({Predecessor:} 11... Rb8 12. c5 exd4 13. exd4 Bf8 14. d5 Na5 15. Qd4 b6 16. c6 Bf5 17. Ra1 Bc5 {0-1 (44) Bluebaum,M (2647)-Fedoseev,V (2678) Chess.com INT 2020}) 12. c5 exd4 13. exd4 Bf8 14. d5 (14. Bf4 $11) 14... Na7 $15 ({Much less strong is} 14... Ne5 15. Nxe5 Rxe5 16. Ba3 $14) 15. c6 bxc6 16. dxc6 Bf5 17. Rb7 (17. Rb2 $15 {was preferrable.}) 17... Nxc6 $17 18. Bf4 Qxd1 ({Better is} 18... Nb4 $17) 19. Rxd1 $15 Rad8 20. Rxc7 Rxd1+ 21. Nxd1 Nb4 22. Nc3 Nfd5 23. Nxd5 Nxd5 24. Rc4 Be6 25. Bf1 Bf5 (25... a5 $17 26. Bd2 Nb4) 26. Bg2 (26. Bd2 $11 {deserves consideration.}) 26... Be6 27. Bf1 a5 28. Bd2 Nb4 $1 29. Re4 Rc8 30. Re5 (30. Re2 $15) 30... a4 (30... Nc6 $17 31. Re1 Bxa2) 31. Ra5 $11 {The position is equal.} Bd7 32. Ne5 Be8 33. Bc4 Nc6 34. Nxc6 Bxc6 35. Kf1 Rd8 36. Bc3 Rc8 37. Bd2 Rd8 38. Bc3 Rc8 {Weighted Error Value: White=0.12 (very precise) /Black=0.11 (very precise)} 1/2-1/2

[Event "1st Grandiscacchi Cattolica 2022"]
[Site "Cattolica"]
[Date "2022.03.03"]
[Round "3.6"]
[White "Jobava, Baadur"]
[Black "Mirzoev, Emil"]
[Result "1-0"]
[WhiteElo "2588"]
[BlackElo "2460"]
[Annotator "TA"]
[PlyCount "79"]
[EventDate "2022.03.03"]
[EventType "swiss"]
[EventCountry "ITA"]
[SourceTitle "playchess.com"]
[Source "ChessBase"]
[SourceQuality "1"]

{[%evp 10,79,32,11,19,17,22,0,15,-16,-11,-14,-16,-36,-17,-21,-23,-27,0,-12,14,15,16,15,19,14,17,0,0,0,0,-14,-4,6,46,43,64,35,80,20,16,14,23,0,39,0,27,0,0,-47,119,134,138,108,133,152,129,121,294,286,373,372,595,587,580,0,29992,29993,29993,29994,29994,29995]} 1. d4 Nf6 2. Bg5 e6 3. e4 h6 4. Bxf6 Qxf6 5. c3 d6 6. Bd3 g6 {A45: Trompowsky Attack.} 7. Ne2 Bg7 8. f4 e5 {[#] The position is equal.} 9. Nd2 $146 ({Predecessor:} 9. O-O Qe7 10. Nd2 O-O 11. Nf3 Nd7 12. Qd2 exd4 13. cxd4 c5 14. Rae1 cxd4 15. Nexd4 {½-½ (26) Laznicka,V (2676)-Mchedlishvili,M (2607) Germany 2016}) 9... Nc6 {[%cal Re5d4]} 10. d5 Nb8 11. f5 Nd7 12. O-O Qe7 13. a4 O-O 14. a5 a6 15. c4 Nf6 16. Nc3 h5 17. b4 Bh6 18. Rf3 Kh8 19. Ra2 Rg8 20. Nf1 Bd7 21. Qe1 c6 22. Ne3 Rac8 23. Kh1 Kh7 (23... c5 $14) 24. fxg6+ (24. dxc6 $16 bxc6 25. Na4) 24... fxg6 $11 25. Raf2 Rgf8 26. dxc6 bxc6 27. h3 {Inhibits Bg4.} Be6 28. c5 dxc5 {White must now prevent ...Rcd8.} 29. bxc5 (29. Bxa6 $11 Ra8 30. b5) 29... Nd7 $2 {[#]} (29... Bg5 $15 {keeps the upper hand.}) 30. Nf5 $1 $16 {[%mdl 512]} Qxc5 (30... gxf5 $2 31. exf5 e4 32. fxe6 (32. Bxe4 Kh8 $18) 32... Qxe6 33. Nxe4 $18) (30... Qg5 31. Nxh6) 31. Nxh6 {Pair of Knights!} Rxf3 32. Rxf3 (32. gxf3 Kxh6 33. Nd1 (33. Bxa6 Ra8 $17) 33... Kh7 $17) 32... Kxh6 33. Bxa6 Ra8 {[#]} (33... Rc7 $16 {might work better.}) 34. Na4 $1 $18 {[%cal Bc3a4,Ba4b6,Bb6d7][%mdl 32]} Qc2 {[#]} (34... Qa7 35. Qd2+) 35. Nb6 (35. Bb7 Rb8 36. Qb4 Bc4 $14) 35... Rxa6 {[#]} (35... Nxb6 $142 36. Qe3+ (36. Bd3 Qc5 $11) 36... Kh7) 36. Nxd7 $1 Bxd7 37. Rf7 $2 (37. Rf2 $18 Qd3 38. Qc1+ Kg7 39. Rd2 Qxe4 40. Rxd7+ Kf6 41. Qh6) 37... Qd3 {[%mdl 8192]} (37... Be8 $11 38. Re7 Rxa5 39. Qxa5 Qc1+ 40. Kh2 Qf4+ 41. g3 Qf2+ 42. Kh1 Qf3+ 43. Kh2 Qf2+ 44. Kh1 Qf3+ 45. Kh2 Qf2+) 38. Qc1+ {White mates.} g5 39. Rf6+ Kh7 40. Qxg5 {Weighted Error Value: White=0.21 (precise) /Black=0.55} 1-0

[Event "1st Grandiscacchi Cattolica 2022"]
[Site "Cattolica"]
[Date "2022.03.03"]
[Round "3.7"]
[White "Nesterov, Arseniy"]
[Black "Pranav Anand"]
[Result "1/2-1/2"]
[WhiteElo "2522"]
[BlackElo "2436"]
[Annotator "TA"]
[PlyCount "68"]
[EventDate "2022.03.03"]
[EventType "swiss"]
[EventCountry "ITA"]
[SourceTitle "playchess.com"]
[Source "ChessBase"]
[SourceQuality "1"]

{[%evp 11,68,13,12,10,5,7,8,9,17,17,14,22,12,19,17,4,20,3,11,0,0,0,0,0,0,0,11,18,18,25,36,36,36,36,36,-25,-3,-6,-3,-44,-46,-55,-5,-58,-55,-57,-33,-75,-55,-75,-75,-81,-71,-81,-79,-81,0,-81,0]} 1. d4 d5 2. c4 c6 3. Nf3 Nf6 4. e3 Bf5 5. Nc3 e6 6. Be2 h6 7. Bd3 {D12: Slav Defence: 3 Nf3 Nf6 4 e3 Bf5.} Bxd3 8. Qxd3 Nbd7 9. O-O {The position is equal.} Bb4 10. Bd2 {[%cal Oc3d5]} Bxc3 11. Bxc3 O-O {[#]} 12. b4 $146 ({Predecessor:} 12. Nd2 Rc8 13. Rac1 Qe7 14. e4 Nxe4 15. Nxe4 dxe4 16. Qxe4 Rfd8 17. Qe2 Qg5 18. h3 Nf6 19. b3 Ne8 20. Rcd1 Nd6 21. Rd3 {½-½ (21) Bolz,B (2269)-Iniguez,M (2318) ICCF email 2014}) 12... Ne4 13. c5 Qe7 14. Nd2 Nxd2 15. Bxd2 a6 16. a4 {[%cal Ba2a4,Ba4b5,Bb5b6][%mdl 32]} e5 {[%cal Be6e5,Be5e4][%mdl 32]} 17. b5 axb5 18. axb5 Qe6 19. b6 e4 20. Qe2 f5 21. Ra7 Rab8 22. f3 Nf6 23. Be1 (23. f4 $1 $14) 23... exf3 $11 24. Rxf3 {[#] Strongly threatening Bg3.} ({But not} 24. gxf3 f4 $15) 24... Ne4 25. Bg3 (25. h3 $11 {is more appropriate.}) 25... Nxg3 $15 26. hxg3 Rf7 ({Black should try} 26... Rfe8 $15) 27. Qa2 (27. g4 $1 $11) 27... h5 28. Ra8 Qe8 29. Ra3 (29. Rxb8 $1 $15 {might be stronger.} Qxb8 30. Qa7) 29... g6 30. Kh2 Re7 31. Qd2 Kg7 32. Rf4 Ra8 33. Ra7 Rb8 34. Ra3 Ra8 {Weighted Error Value: White=0.14 (very precise) /Black=0.08 (flawless)} (34... Qf7 $17) 1/2-1/2

[Event "1st Grandiscacchi Cattolica 2022"]
[Site "Cattolica"]
[Date "2022.03.03"]
[Round "3.8"]
[White "La Barbera, Manfredi"]
[Black "Sebenik, Matej"]
[Result "0-1"]
[WhiteElo "1867"]
[BlackElo "2510"]
[Annotator "TA"]
[PlyCount "52"]
[EventDate "2022.03.03"]
[EventType "swiss"]
[EventCountry "ITA"]
[SourceTitle "playchess.com"]
[Source "ChessBase"]
[SourceQuality "1"]

{[%evp 12,52,16,14,6,-2,8,0,43,43,30,18,27,-20,-11,-17,-19,-18,-14,-35,-35,-35,-22,-37,-25,-30,-31,-33,-29,-47,-41,-46,-38,-49,-47,-108,-106,-106,-104,-180,-200,-222,-227]} 1. e4 e6 2. d4 d5 3. e5 c5 4. c3 Nc6 5. Nf3 Bd7 6. a3 f6 7. Bd3 {[%cal Of3g5]} Nh6 {C02: French: Advance Variation.} 8. O-O Nf7 {[%cal Rf6e5]} 9. Re1 fxe5 (9... c4 $11 {should be considered.} 10. Bc2 fxe5) 10. Nxe5 $14 Ncxe5 11. dxe5 {[#]} c4 $146 ({Predecessor:} 11... Qc7 12. Nd2 O-O-O 13. Nf3 Be7 14. b4 c4 15. Bc2 g5 16. Qe2 g4 17. Nd4 Rdg8 {1-0 (30) Brunello,S (2258)-Luther,T (2540) Verona 2005}) 12. Bf1 (12. Bc2 $142) 12... Bc5 $36 {[%mdl 2048] White is under pressure.} 13. Be3 Bxe3 14. Rxe3 Qb6 15. Qc2 O-O {[%cal Bh8f8,Bf8f7,Bf7f3][%mdl 32] Hoping for ...Nh6.} 16. Nd2 {[%cal Bb1d2,Bd2f3,Bf3d4][%mdl 32]} Nh6 {[%cal Of8f2] [#] aiming for ...Rxf2!} 17. Nf3 Nf5 18. Ree1 Be8 19. Qd2 ({Much worse is} 19. g4 Nh6 20. Nd4 (20. Ng5 Bg6 $17) 20... Nxg4 $17) 19... Bh5 {Strongly threatening ...Bxf3.} 20. Nd4 Rf7 21. Be2 Bxe2 22. Rxe2 Nxd4 23. Qxd4 (23. cxd4 $15 Raf8 24. f3) 23... Qxd4 $17 24. cxd4 b5 25. g3 (25. f3 $17) 25... Rf3 $19 26. Rc1 Rd3 {Weighted Error Value: White=0.18 (very precise) /Black=0.04 (flawless)} 0-1